• 首页
  • 本馆介绍
  • 公告通知
  • 最新文献
  • 馆藏检索
  • 电子资源
  • 读者导购
  • 参考咨询
  • 我的图书馆
  • 登录
  • 详细信息显示
  • 放入我的书架
  • 预约/预借图书
  • 作者相关作品
  • 分类相关作品
  • 丛书相关作品
  • 出版社相关作品

书目信息

  • 表格格式
  • 工作单格式
  • 卡片格式
题名:
看与思
    
 
作者: 李行远 著
分册:  
出版信息: 北京   中国人民大学出版社  2004
页数: 214页
开本: 23cm
丛书名: 朗朗书房
单 册:
中图分类: J051-53
科图分类:
主题词: 艺术评论--西方国家--文集
电子资源:
ISBN: 7-300-05923-6
000 01288nam0 2200337 450
000 01251nam0 2200325 450
000 01249nam0 2200337 450
000 01195nam0 2200313 450
000 01213nam0 2200301 450
000 01176nam0 2200289 45
001 TS2006028213
005 20061214154722.56
010    @a7-300-05923-6@dCNY39.80
100    @a20060829d2004 kemy0chiy0110 ea
101 0  @achi
102    @aCN@b110000
105    @aa z 000yy
200 1  @a看与思@AKan Yu Si@e读解西方艺术图像@EDu Jie Xi Fang Yi Shu Tu Xiang@f李行远著@FLi Xing Yuan Zhu
210    @a北京@c中国人民大学出版社@d2004
215    @a214页@c图@d23cm
225 2  @a朗朗书房@i艺术东西丛书
330    @a本书收入的文章包括对于古代西方美术作品(尤其是以历史、法律为题材的作品)的“图文互证”式的解读,对不同文化背景中的当代美术现象的分析评述,以及从公共领域的角度对西方美术馆历史文化的介绍。
410  0 @12001 @a朗朗书房@i艺术东西丛书
517 1  @a读解西方艺术图像@ADu Jie Xi Fang Yi Shu Tu Xiang
606 0  @a艺术评论@x西方国家@y文集
690    @aJ051-53@v4
701  0 @a李行远@ALi Xing Yuan@c(女)@4著
801  0 @aCN@b中图数据@c20061214
905    @a10447@dJ051-53@e171
    
    看与思:读解西方艺术图像/李行远著.-北京:中国人民大学出版社,2004
    214页:图;23cm.-(朗朗书房.艺术东西丛书)
    
    
    ISBN 7-300-05923-6:CNY39.80
    本书收入的文章包括对于古代西方美术作品(尤其是以历史、法律为题材的作品)的“图文互证”式的解读,对不同文化背景中的当代美术现象的分析评述,以及从公共领域的角度对西方美术馆历史文化的介绍。
●
相关链接 在E读中查询图书 在五车中查询图书 在当当中查询图书 在豆瓣中查询图书


正题名:看与思     索取号:J051-53/171         预约/预借

序号 登录号 条形码 馆藏地/架位号 状态 备注
1 0601663   206016639   第一样本阅览室/ [索取号:J051-53/171] 在馆    
2 0601664   206016648   第一借阅区/ [索取号:J051-53/171] 在馆    
3 0601665   206016657   第一借阅区/ [索取号:J051-53/171] 在馆    
4 0601666   206016666   第一借阅区/ [索取号:J051-53/171] 在馆    
5 0601667   206016675   第一借阅区/ [索取号:J051-53/171] 在馆    
唐山师范学院图书馆 欢迎您!
大连网信软件有限公司© 版权所有